000 00936nam a2200265Ia 4500
003 OSt
005 20220923211309.0
006 a|||||r|||| 00| 0
007 ta
008 220922b |||||||| |||| 00| 0 hin d
020 _a9788179754573 (hbk)
_c160
024 _a285,018
037 _b25, 02/02/2015, P. K. Books
_cTextual
040 _aARTS
_cARTS
_bhin
041 _2hin
_ahin
082 _aY:49(Q).2, 152P4
100 _aबिपन चंद्र
245 0 _aसांप्रदायिकता
_b एक अध्ययन
246 _aSāanpradāyikatā: ek adhyayana
260 _aनई दिल्ली
_b अनामिका पब्लिर्शस
_c2014
300 _a95पृ.
_ccm.
650 _aभारतीय-लोक साहित्य
942 _hY:49(Q).2, 152P4
_cTEXL
_2CC
999 _c298214
_d298214